01725 a2200253 450000100040000000500170000400800410002100300150006204000400007708000220011724500440013902000220018326400330020530000260023850509010026404100080116510000410117370000300121470000230124470000220126770000300128970000240131985601280134324920260407155416.0260407a2009 arg spa dAR-UNSa-BCEJYS aAR-UNSa-BCEJYSbspacAR-UNSa-BCEJYS a657xContabilidad10aContabilidad, pasado, presente y futuro a978-987-03-1524-7 1aBuenos Aires :bLa Leyc2009 axxxiv, 787 p.c24 cm. a1. Objetivos de la contabilidad. Marco conceptual. Informes contables - 2. Temas esenciales. Los modelos contables - 3. Patrimonio neto - 4. Resultados - 5. Conversiones - 6. Caja y bancos - 7. Cuentas a cobrar (Créditos) - 8. Inversiones - 9. Bienes de cambio y costos de los productos vendidos - 10. Bienes de uso (propiedad, planta y equipo)- 11. Activos intangibles - 12. Compromisos ciertos - 13. Contingencias - 14. Estado de situación patrimonial (balance general) - 15. Estado de resultados - 16. Estado de evolución del patrimonio neto - 17. El estado de cambios en los recursos financieros - 18. Información complementaria e informes sobre estados contables - 19. Doctrina contable: su evolución - 20. La medición del capital a mantener - 21. Información contable proyectada o prospectiva - 22. Análisis de la información contable - 23. La información por segmentos  aspa1 aPahlen Acuña, Ricardo Jose María1 aFronti de García, Luisa1 aCampo, Ana María1 aHelouani, Rubén1 aChaves, Osvaldo Argentino1 aViegas, Juan Carlos41uhttps://biblioeco.unsa.edu.ar/pmb/images/libros/Contabilidad Pasado, Presente y Futuro 2.jpgyImagen de portadaqimage/jpeg